Harry Potter and the sorcerer's stone / (Record no. 34613)
[ view plain ]
| 000 -LEADER | |
|---|---|
| fixed length control field | 01271cgm a22003853a 4500 |
| 001 - CONTROL NUMBER | |
| control field | 12700175 |
| 003 - CONTROL NUMBER IDENTIFIER | |
| control field | OSt |
| 005 - DATE AND TIME OF LATEST TRANSACTION | |
| control field | 20140310184453.0 |
| 007 - PHYSICAL DESCRIPTION FIXED FIELD--GENERAL INFORMATION | |
| fixed length control field | m| ||||f|||||||||------ |
| 008 - FIXED-LENGTH DATA ELEMENTS--GENERAL INFORMATION | |
| fixed length control field | 020311s2001 xx --- | || mleng|| |
| 010 ## - LIBRARY OF CONGRESS CONTROL NUMBER | |
| LC control number | 2002637960 |
| 017 ## - COPYRIGHT OR LEGAL DEPOSIT NUMBER | |
| Copyright or legal deposit number | PA1-063-646 |
| Assigning agency | U.S. Copyright Office |
| 020 ## - INTERNATIONAL STANDARD BOOK NUMBER | |
| International Standard Book Number | 059035342 |
| 040 ## - CATALOGING SOURCE | |
| Original cataloging agency | DLC |
| Transcribing agency | DLC |
| Description conventions | amim |
| 050 00 - LIBRARY OF CONGRESS CALL NUMBER | |
| Classification number | PZ 7 |
| Item number | .R884 1999 |
| 100 ## - MAIN ENTRY--PERSONAL NAME | |
| Personal name | Rowling, J. K. |
| 9 (RLIN) | 17401 |
| 245 00 - TITLE STATEMENT | |
| Title | Harry Potter and the sorcerer's stone / |
| Statement of responsibility, etc | J. K. Rowling |
| 246 1# - VARYING FORM OF TITLE | |
| Display text | Additional title: |
| Title proper/short title | Harry Potter and the philosopher's stone |
| 260 ## - PUBLICATION, DISTRIBUTION, ETC. (IMPRINT) | |
| Date of publication, distribution, etc | 1999. |
| Name of publisher, distributor, etc | Scholastic Inc., |
| Place of publication, distribution, etc | New York, NY : |
| 300 ## - PHYSICAL DESCRIPTION | |
| Extent | 312 p. : |
| Dimensions | 17 cm. |
| 521 ## - TARGET AUDIENCE NOTE | |
| Target audience note | |
| 526 ## - STUDY PROGRAM INFORMATION NOTE | |
| Reading level | 880 |
| 650 ## - SUBJECT ADDED ENTRY--TOPICAL TERM | |
| Topical term or geographic name as entry element | England |
| General subdivision | Juvenile fiction. |
| 9 (RLIN) | 28840 |
| 650 ## - SUBJECT ADDED ENTRY--TOPICAL TERM | |
| Topical term or geographic name as entry element | Hogwarts school of witchcraft and wizardry (Imaginary place) |
| General subdivision | Juvenile fiction. |
| 9 (RLIN) | 28841 |
| 650 ## - SUBJECT ADDED ENTRY--TOPICAL TERM | |
| Topical term or geographic name as entry element | Magic |
| General subdivision | Juvenile fiction. |
| 9 (RLIN) | 28842 |
| 650 ## - SUBJECT ADDED ENTRY--TOPICAL TERM | |
| Topical term or geographic name as entry element | Schools |
| General subdivision | Juvenile fiction. |
| 9 (RLIN) | 28843 |
| 651 ## - SUBJECT ADDED ENTRY--GEOGRAPHIC NAME | |
| Geographic name | Wizards -- |
| General subdivision | Juvenile fiction. |
| 9 (RLIN) | 28844 |
| 655 #7 - INDEX TERM--GENRE/FORM | |
| Genre/form data or focus term | Feature. |
| Source of term | migfg |
| 9 (RLIN) | 3703 |
| 710 2# - ADDED ENTRY--CORPORATE NAME | |
| Corporate name or jurisdiction name as entry element | Copyright Collection (Library of Congress) |
| Institution to which field applies | DLC |
| 9 (RLIN) | 3704 |
| 906 ## - LOCAL DATA ELEMENT F, LDF (RLIN) | |
| a | 0 |
| b | cbc |
| c | orignew |
| d | u |
| e | ncip |
| f | 20 |
| g | y-movingim |
| 942 ## - ADDED ENTRY ELEMENTS (KOHA) | |
| Source of classification or shelving scheme | Library of Congress Classification |
| Koha item type | |
| Withdrawn status | Lost status | Source of classification or shelving scheme | Damaged status | Home library | Current library | Shelving location | Date acquired | Total Checkouts | Total Renewals | Full call number | Barcode | Date last seen | Date checked out | Copy number | Price effective from | Koha item type |
|---|---|---|---|---|---|---|---|---|---|---|---|---|---|---|---|---|
| Library of Congress Classification | Luxembourg Library | Luxembourg Library | Scholastic Reading Center Section | 10/11/2013 | 2 | 3 | PZ 7 .R884 2001 | LEX0212 | 07/27/2017 | 07/22/2017 | 1 | 10/11/2013 | Books | |||
| Library of Congress Classification | Luxembourg Library | Luxembourg Library | Scholastic Reading Center Section | 10/12/2013 | 2 | PZ 7 .R884 1999 | LEX2123 | 04/18/2017 | 02/20/2017 | 2 | 10/12/2013 | Books | ||||
| Library of Congress Classification | Luxembourg Library | Luxembourg Library | Scholastic Reading Center Section | 10/16/2013 | 3 | 16 | PZ 7 .R884Ss 1999 | SCHO0090 | 10/08/2018 | 08/30/2018 | 3 | 10/16/2013 | Books |